MARC

LEADER 00000nam0a2200000 4500
001 286634
005 20241205165418.0
035 |a (RuTPU)RU\TPU\book\310958 
090 |a 286634 
100 |a 20150306d1984 k||y0rusy5003 ca 
101 0 |a rus 
102 |a RU 
105 |a a z 001zy 
200 1 |a Буро-взрывные работы на глубоких карьерах  |e сборник научных трудов  |h № 75  |f Институт горного дела (ИГД) ; под ред. М. В. Васильева 
210 |a Свердловск  |c Изд-во ИГД  |d 1984 
215 |a 83 с.  |c ил. 
320 |a Библиография в конце статей 
606 |a Буровзрывные работы  |2 stltpush  |3 (RuTPU)RU\TPU\subj\30498  |9 53601 
610 1 |a буровые станки 
610 1 |a парк 
610 1 |a определение 
610 1 |a горнорудное производство 
610 1 |a буровые коронки 
610 1 |a термическое разрушение 
610 1 |a исследование 
610 1 |a взрывы 
610 1 |a месторождения 
610 1 |a районирование 
610 1 |a геофизические методы 
675 |a 622.233  |v 3 
702 1 |a Васильев  |b М. В.  |g Михаил Владимирович  |4 340 
712 0 2 |a Институт горного дела (ИГД)  |c (Свердловск)  |c (1962-1994)  |3 (RuTPU)RU\TPU\col\21688 
801 0 |a RU  |b RuMRKP  |c 19950704  |g psbo 
801 1 |a RU  |b 63413507  |c 20150306 
801 2 |a RU  |b 63413507  |c 20180302  |g RCR 
942 |c BK